000 00267nam a22001097a 4500
008 160425b xxu||||| |||| 00| 0 eng d
020 _a9780803621794
041 _aeng
080 _a618.2
245 _aPediatric nursing:
_cKathryn rudd; Diane Kocisko;
942 _2udc
_cBK
999 _c1576
_d1576